<?xml version="1.0" encoding="UTF-8"?>
<record
    xmlns:xsi="http://www.w3.org/2001/XMLSchema-instance"
    xsi:schemaLocation="http://www.loc.gov/MARC21/slim http://www.loc.gov/standards/marcxml/schema/MARC21slim.xsd"
    xmlns="http://www.loc.gov/MARC21/slim">

  <leader>007790000a22001210004500</leader>
  <datafield tag="100" ind1="1" ind2=" ">
    <subfield code="a">Villegas Mesa, Elkin Emilio</subfield>
  </datafield>
  <datafield tag="245" ind1="1" ind2="0">
    <subfield code="a">Consecuencias Sociales de la Ausencia del Sentimiento de Culpa</subfield>
  </datafield>
  <datafield tag="300" ind1=" " ind2=" ">
    <subfield code="a">N&#xFA;m.22 (agosto, 2012), P&#xE1;g. 131-144</subfield>
  </datafield>
  <datafield tag="520" ind1=" " ind2=" ">
    <subfield code="a">El sentimiento de culpa aparece siempre ligado a otros conceptos, como censura, conciencia moral, &#xE9;tica, responsabilidad, ideal del yo, imperativo categ&#xF3;rico, supery&#xF3;, punici&#xF3;n, angustia, deseo, castraci&#xF3;n, moci&#xF3;n maligna, tab&#xFA;, odio, padre, etc., con los cuales est&#xE1; en estrecha relaci&#xF3;n, y se expresa de diversas maneras, por medio "de mandatos insensatos que interrumpen sorpresivamente en el m&#xE1;s `normal&#xB4; de los sujetos"</subfield>
  </datafield>
  <datafield tag="650" ind1="1" ind2="4">
    <subfield code="a">La Culpa</subfield>
  </datafield>
  <datafield tag="773" ind1="0" ind2=" ">
    <subfield code="t">Revista Tecnol&#xF3;gico de Antioquia</subfield>
  </datafield>
  <datafield tag="942" ind1=" " ind2=" ">
    <subfield code="c">ANA</subfield>
  </datafield>
  <datafield tag="952" ind1=" " ind2=" ">
    <subfield code="0">0</subfield>
    <subfield code="1">0</subfield>
    <subfield code="4">0</subfield>
    <subfield code="7">0</subfield>
    <subfield code="8">HEM</subfield>
    <subfield code="a">FUSBC</subfield>
    <subfield code="b">FUSBC</subfield>
    <subfield code="d">2016-01-26</subfield>
    <subfield code="l">0</subfield>
    <subfield code="o"> </subfield>
    <subfield code="r">2016-01-26 00:00:00</subfield>
    <subfield code="w">2016-01-26</subfield>
    <subfield code="y">ANA</subfield>
  </datafield>
  <datafield tag="999" ind1=" " ind2=" ">
    <subfield code="c">63551</subfield>
    <subfield code="d">63551</subfield>
  </datafield>
</record>
